Aktuelle Tendenzen in der Sprachforschung

Saved in:
Bibliographic Details
Other Authors: Zavrl, Irena, Ondrčková, Eva
Format: Book
Language:German
Published: Eisenstadt E. Weber Verlag 2015
Subjects:
Tags: Add Tag
No Tags, Be the first to tag this record!

MARC

LEADER 00000nam a2200000 4500
001 0204635
005 20221207094625.3
020 |a 978-385253-523-4 
041 0 |a ger 
044 |a AT 
245 1 0 |a Aktuelle Tendenzen in der Sprachforschung  |c Radoslav Štefančík et al., rezensentinnen: Irena Zavrl, Eva Ondrčková 
264 1 |a Eisenstadt  |b E. Weber Verlag  |c 2015 
300 |a 176 s. 
610 2 0 |a jazykoveda 
610 2 0 |a jazyky cudzie 
610 2 0 |a nemčina 
610 2 0 |a didaktika 
700 1 |a Zavrl, Irena 
700 1 |a Ondrčková, Eva